000
00311nam a22001337a 4500
008
190305b xxu||||| |||| 00| 0 eng d
020
_a
9780534375973
041
_a
eng
080
_2
2nd
_a
004
100
_a
28
101
_a
SHK
245
_a
Data Structures and Algorithms in C++
_c
Drozdek,A
942
_2
udc
_c
BK
999
_c
54460
_d
54460